LEADER 00840nam0-22002891i-450- 001 990007080730403321 005 20020514 035 $a000708073 035 $aFED01000708073 035 $a(Aleph)000708073FED01 035 $a000708073 100 $a20020514d1954----km-y0itay50------ba 101 0 $aeng 102 $aGB 105 $ay-------001yy 200 1 $aConstructive Liberalism$ethe role of the State in economic development in Georgia to 1860$fMilton Sydney Heath 210 $aCambridge$cHarvard University Press$d1954 215 $aXIV, 448 p.$d24 cm 676 $a148$v20$zita 700 1$aHeath,$bMilton Sydney$0260458 801 0$aIT$bUNINA$gRICA$2UNIMARC 901 $aBK 912 $a990007080730403321 952 $aXV L 153$b47374$fFGBC 959 $aFGBC 996 $aConstructive Liberalism$9706985 997 $aUNINA LEADER 00795nam0-22003011i-450- 001 990006445050403321 005 20001010 035 $a000644505 035 $aFED01000644505 035 $a(Aleph)000644505FED01 035 $a000644505 100 $a20001010d--------km-y0itay50------ba 101 0 $aita 105 $ay-------001yy 200 1 $aJoachim Murat (1767-1815)$fJules Chavanon, Georges Saint-Yves 210 $aParis$cHachette$d1905. 215 $aVI, 306 p.$d22 cm 676 $a945.7308 700 1$aChavanon,$bJules$0200702 702 1$aSaint-Yves,$bGeorges 801 0$aIT$bUNINA$gRICA$2UNIMARC 901 $aBK 912 $a990006445050403321 952 $aXIV A 212$b11782$fFSPBC 959 $aFSPBC 996 $aJoachim Murat$9530171 997 $aUNINA DB $aGEN01